00470 a2200181 450000100060000002000160000604000370002210000190005924000220007824500170010030000070011736200090012444000180013365000240015194200070017595200890018299900170027174218 a850601317-8 cAnchieta - Colégio São Paulo aRooke, Patrick10aOs normandoslpor10aOs normandos a610 a1997 1aMelhoramentos 4aHistória do mundo cBK 00104070a88.1b88.1d2023-11-22l0p4767/CSPr2023-11-22 14:31:05w2023-11-22yBK c74218d74218